| 000 | 00453 a2200133 4500 | ||
|---|---|---|---|
| 001 | ART_58193 | ||
| 005 | 20260410161823.0 | ||
| 008 | 260409a | ||
| 245 | 1 | 0 | _aCaducidad de instancia. Inconstitucionalidad de la reforma del artículo 216 de la ley 27430 |
| 100 | 1 | _aVega, Juan Manuel | |
| 700 | 1 | _aVega, María S. | |
| 700 | 1 | _aVega, Gerardo E. | |
| 773 | 0 |
_tDoctrina Penal Tributaria y Económica _g- N° 67 (mar. 2023) _wREV4317 |
|
| 999 |
_c22529 _d22529 |
||